<?xml version="1.0" encoding="UTF-8"?>
<record
    xmlns:xsi="http://www.w3.org/2001/XMLSchema-instance"
    xsi:schemaLocation="http://www.loc.gov/MARC21/slim http://www.loc.gov/standards/marcxml/schema/MARC21slim.xsd"
    xmlns="http://www.loc.gov/MARC21/slim">

  <leader>01307nam a2200277   4500</leader>
  <controlfield tag="005">20240530110950.0</controlfield>
  <controlfield tag="008">221212s2022    ua acf f b    000 0 ara d</controlfield>
  <datafield tag="017" ind1=" " ind2=" ">
    <subfield code="a">2022/3230</subfield>
    <subfield code="b">&#x645;&#x635;&#x631;. &#x62F;&#x627;&#x631; &#x627;&#x644;&#x643;&#x62A;&#x628;</subfield>
  </datafield>
  <datafield tag="020" ind1=" " ind2=" ">
    <subfield code="a">9789776809857</subfield>
  </datafield>
  <datafield tag="040" ind1=" " ind2=" ">
    <subfield code="a">EG-CaGPL</subfield>
    <subfield code="c">EG-CaGPL</subfield>
  </datafield>
  <datafield tag="082" ind1="0" ind2="4">
    <subfield code="2">21</subfield>
    <subfield code="a">726.5</subfield>
    <subfield code="b">&#x645; &#x623;</subfield>
  </datafield>
  <datafield tag="100" ind1="0" ind2=" ">
    <subfield code="a">&#x645;&#x62D;&#x645;&#x62F; &#x62D;&#x645;&#x627;&#x62F;&#x629; &#x645;&#x62D;&#x645;&#x62F; &#x627;&#x628;&#x648; &#x634;&#x645;&#x629;</subfield>
  </datafield>
  <datafield tag="245" ind1="1" ind2="2">
    <subfield code="a">&#x627;&#x644;&#x627;&#x62F;&#x64A;&#x631;&#x629; &#x648;&#x627;&#x644;&#x643;&#x646;&#x627;&#x626;&#x633; &#x641;&#x649; &#x627;&#x62B;&#x64A;&#x648;&#x628;&#x64A;&#x627; :</subfield>
    <subfield code="b">&#x645;&#x646; &#x627;&#x644;&#x646;&#x635;&#x641; &#x627;&#x644;&#x627;&#x648;&#x644; &#x645;&#x646; &#x627;&#x644;&#x642;&#x631;&#x646; &#x627;&#x644;&#x631;&#x627;&#x628;&#x639; &#x62D;&#x62A;&#x649; &#x646;&#x647;&#x627;&#x64A;&#x629; &#x627;&#x644;&#x642;&#x631;&#x646; &#x627;&#x644;&#x633;&#x627;&#x628;&#x639; &#x627;&#x644;&#x645;&#x64A;&#x644;&#x627;&#x62F;&#x64A;&#x64A;&#x646; &#x648;&#x645;&#x62F;&#x649; &#x62A;&#x627;&#x62B;&#x631;&#x647;&#x627; &#x628;&#x627;&#x644;&#x627;&#x62F;&#x64A;&#x631;&#x629; &#x648;&#x627;&#x644;&#x643;&#x646;&#x627;&#x626;&#x633; &#x627;&#x644;&#x645;&#x635;&#x631;&#x64A;&#x629; : &#x62F;&#x631;&#x627;&#x633;&#x629; &#x62A;&#x627;&#x631;&#x64A;&#x62E;&#x64A;&#x629; &#x648;&#x627;&#x62B;&#x631;&#x64A;&#x629;  /</subfield>
    <subfield code="c">&#x62A;&#x627;&#x644;&#x64A;&#x641; &#x645;&#x62D;&#x645;&#x62F; &#x62D;&#x645;&#x627;&#x62F;&#x629; &#x645;&#x62D;&#x645;&#x62F; &#x627;&#x628;&#x648; &#x634;&#x645;&#x629;</subfield>
  </datafield>
  <datafield tag="250" ind1=" " ind2=" ">
    <subfield code="a">&#x637;.1</subfield>
  </datafield>
  <datafield tag="260" ind1=" " ind2=" ">
    <subfield code="a">&#x627;&#x644;&#x642;&#x627;&#x647;&#x631;&#x629; : </subfield>
    <subfield code="b">&#x627;&#x644;&#x645;&#x624;&#x633;&#x633;&#x629; &#x627;&#x644;&#x62F;&#x648;&#x644;&#x64A;&#x629; &#x644;&#x644;&#x643;&#x646;&#x627;&#x628;&#x60C;</subfield>
    <subfield code="c">2022.</subfield>
  </datafield>
  <datafield tag="300" ind1=" " ind2=" ">
    <subfield code="a">264 &#x635;. :</subfield>
    <subfield code="b">&#x627;&#x64A;&#x636; &#x61B;</subfield>
    <subfield code="c">24 &#x633;&#x645;.</subfield>
  </datafield>
  <datafield tag="504" ind1=" " ind2=" ">
    <subfield code="a">&#x64A;&#x634;&#x62A;&#x645;&#x644; &#x639;&#x644;&#x649; &#x627;&#x631;&#x62C;&#x627;&#x639;&#x627;&#x62A; &#x628;&#x628;&#x644;&#x64A;&#x648;&#x62C;&#x631;&#x627;&#x641;&#x64A;&#x629;</subfield>
  </datafield>
  <datafield tag="650" ind1="0" ind2="7">
    <subfield code="2">qrmak</subfield>
    <subfield code="a">&#x627;&#x644;&#x643;&#x646;&#x627;&#x626;&#x633;</subfield>
    <subfield code="x">&#x62A;&#x627;&#x631;&#x64A;&#x62E;</subfield>
  </datafield>
  <datafield tag="650" ind1="0" ind2="7">
    <subfield code="2">qrmak</subfield>
    <subfield code="a">&#x627;&#x644;&#x627;&#x62B;&#x627;&#x631; &#x627;&#x644;&#x645;&#x633;&#x64A;&#x62D;&#x64A;&#x629;</subfield>
    <subfield code="z">&#x627;&#x62B;&#x64A;&#x648;&#x628;&#x64A;&#x627;</subfield>
  </datafield>
  <datafield tag="650" ind1="0" ind2="7">
    <subfield code="2">qrmak</subfield>
    <subfield code="a">&#x627;&#x644;&#x643;&#x646;&#x627;&#x626;&#x633;</subfield>
    <subfield code="z">&#x627;&#x62B;&#x64A;&#x648;&#x628;&#x64A;&#x627;</subfield>
  </datafield>
  <datafield tag="650" ind1="0" ind2="7">
    <subfield code="2">qrmak</subfield>
    <subfield code="a">&#x627;&#x644;&#x627;&#x62F;&#x64A;&#x631;&#x629;</subfield>
    <subfield code="x">&#x627;&#x62B;&#x64A;&#x648;&#x628;&#x64A;&#x627;</subfield>
  </datafield>
  <datafield tag="650" ind1="0" ind2="7">
    <subfield code="2">qrmak</subfield>
    <subfield code="a">&#x627;&#x644;&#x627;&#x62B;&#x627;&#x631;&#x60C; &#x639;&#x644;&#x645;</subfield>
  </datafield>
  <datafield tag="651" ind1=" " ind2=" ">
    <subfield code="2">qrmak</subfield>
  </datafield>
  <datafield tag="942" ind1=" " ind2=" ">
    <subfield code="2">ddc</subfield>
    <subfield code="c">BK</subfield>
  </datafield>
  <datafield tag="999" ind1=" " ind2=" ">
    <subfield code="c">66973</subfield>
    <subfield code="d">66973</subfield>
  </datafield>
  <datafield tag="952" ind1=" " ind2=" ">
    <subfield code="0">0</subfield>
    <subfield code="1">0</subfield>
    <subfield code="4">0</subfield>
    <subfield code="7">0</subfield>
    <subfield code="a">CAI</subfield>
    <subfield code="b">CAI</subfield>
    <subfield code="c">&#x627;&#x644;&#x641;&#x646;&#x648;&#x646;-&#x639;&#x631;&#x628;&#x649;</subfield>
    <subfield code="d">2022-12-12</subfield>
    <subfield code="l">0</subfield>
    <subfield code="o">726.5 &#x645; &#x623;</subfield>
    <subfield code="p">168988</subfield>
    <subfield code="r">2022-12-12 00:00:00</subfield>
    <subfield code="w">2022-12-12</subfield>
    <subfield code="y">BK</subfield>
  </datafield>
</record>
